Arquitectura transitoria: espacios de paso y simulación en la frontera México-Estados Unidos

Saved in:
Bibliografiske detaljer
Hovedforfatter: Méndez Sáinz, Eloy (autor)
Format: Bog
Sprog:spansk
Udgivet: Hermosillo El Colegio de Sonora 2002
Fag:
Tags: Tilføj Tag
Ingen Tags, Vær først til at tagge denne postø!

MARC

LEADER 00000nam a2200000 a 4500
001 UCK4266
003 CL-VaPUC
008 050527e20020000mx |||||||||||||||||spa|d
020 |a 9686755411 
082 0 4 |a 720.97217  |b MEN  |2 21 
100 |a Méndez Sáinz, Eloy  |e autor  |9 492772 
245 1 0 |a Arquitectura transitoria: espacios de paso y simulación en la frontera México-Estados Unidos 
300 |a 133 p 
942 |c BK 
945 |d 20050527 00:00:00  |a jcarroza 
260 |a Hermosillo  |b El Colegio de Sonora  |c 2002 
650 0 |a Ciudades y pueblos  |9 265139 
650 0 |a Urbanización   |9 265706 
650 0 |a Arquitectura  |9 804558 
651 7 |a SONORA, MEXICO  |2 CL-VaPUC  |9 492774 
583 |a last modification  |c 20150507 03:16:58  |k Rodrigo Vera 
999 |c 313203  |d 313201 
952 |0 0  |1 0  |4 0  |6 720_972170000000000_MEN_2002  |7 0  |8 A  |9 384345  |a BIBARQ  |b BIBARQ  |d 2019-11-22  |i 4115570  |l 1  |o 720.97217 MEN 2002  |p 4115570  |r 2025-01-20  |s 2022-06-30  |w 2019-11-22  |y BK  |k ARQ